[Event "Murmansk ChessMates 4th"]
[Site "Murmansk"]
[Date "2020.03.15"]
[Round "5.1"]
[White "Vaino, Nikita"]
[Black "Illina, Natalia"]
[Result "0-1"]
[WhiteElo "1788"]
[BlackElo "2081"]
[PlyCount "46"]
[EventDate "2020.03.13"]
[EventType "team-tourn"]
[EventRounds "5"]
[EventCountry "RUS"]
[SourceTitle "CBM 195 Extra"]
[Source "ChessBase"]
[SourceDate "2020.05.31"]
[SourceVersion "1"]
[SourceVersionDate "2020.05.31"]
[SourceQuality "1"]
[WhiteTeam "Estonia Maletaht"]
[BlackTeam "Novorossiysk"]
[WhiteTeamCountry "EST"]
[BlackTeamCountry "RUS"]

1. g3 e5 2. Bg2 Nf6 3. Nc3 d5 4. d3 d4 5. Ne4 Nxe4 6. Bxe4 Bd6 7. e3 dxe3 8. Bxe3 f5 9. Bg2 0-0 10. Nf3 Nc6 11. 0-0 Bd7 12. c4 f4 13. Bd2 Qc8 14. Qb3 Kh8 15. Rac1 Bc5 16. Kh1 Bg4 17. Bc3 Rb8 18. Rce1 Qf5 19. Re4 Bd6 20. Qb5 Qh5 21. Nxe5 Nxe5 22. Bxe5 f3 23. Bxd6 fxg2+ 0-1

[Event "EST-ch"]
[Site "Tallinn"]
[Date "2017.08.04"]
[Round "4"]
[White "Vaino, Nikita"]
[Black "Orgse, Karl Kristofer"]
[Result "0-1"]
[WhiteElo "1780"]
[BlackElo "1633"]
[PlyCount "74"]
[EventDate "2017.08.01"]
[EventType "swiss"]
[EventRounds "7"]
[EventCountry "EST"]
[SourceTitle "CBM 179 Extra"]
[Source "ChessBase"]
[SourceDate "2017.08.23"]
[SourceVersion "1"]
[SourceVersionDate "2017.08.23"]
[SourceQuality "1"]

1. c4 Nf6 2. Nc3 e6 3. d3 Be7 4. g3 d5 5. cxd5 exd5 6. Bg2 0-0 7. Qc2 d4 8. Ne4 Nxe4 9. dxe4 c5 10. f4 Nc6 11. Bd2 Rb8 12. Nf3 b5 13. 0-0 Be6 14. b3 f6 15. Rfd1 c4 16. e3 d3 17. Qb2 a5 18. Nd4 Nxd4 19. exd4 Bg4 20. Rdc1 Be6 21. Kh1 f5 22. d5 Bf7 23. bxc4 bxc4 24. Qd4 fxe4 25. Qxe4 Bf6 26. Rab1 Rxb1 27. Rxb1 c3 28. Qxd3 cxd2 29. Qxd2 a4 30. Rb4 Qa5 31. d6 Rd8 32. d7 Be7 33. Rd4 Qxd2 34. Rxd2 Be6 35. Bc6 a3 36. Re2 Bxd7 37. Rxe7 Bxc6+ 0-1

[Event "Wch U14"]
[Site "Khanty-Mansiysk"]
[Date "2016.09.30"]
[Round "8"]
[White "Vaino, Nikita"]
[Black "Kakuk, Tibor"]
[Result "1-0"]
[WhiteElo "1781"]
[BlackElo "1622"]
[PlyCount "111"]
[EventDate "2016.09.22"]
[EventType "swiss"]
[EventRounds "11"]
[EventCountry "RUS"]
[SourceTitle "EXT 2017"]
[Source "ChessBase"]
[SourceDate "2016.10.25"]
[SourceVersion "1"]
[SourceVersionDate "2016.10.25"]
[SourceQuality "1"]

1. d4 d5 2. Nf3 Nf6 3. c4 c6 4. Nc3 e6 5. Bg5 Nbd7 6. e3 Qa5 7. Bxf6 Nxf6 8. a3 Ne4 9. Qc2 Bb4 10. Rc1 Bxc3+ 11. bxc3 Qxa3 12. Bd3 Nf6 13. c5 Qa5 14. 0-0 0-0 15. Ne5 Qc7 16. f4 g6 17. g4 Kg7 18. Rf3 Nd7 19. Qf2 f6 20. Nxd7 Bxd7 21. h4 e5 22. e4 dxe4 23. Bxe4 Bxg4 24. Rg3 f5 25. dxe5 Rad8 26. Bd3 Qa5 27. e6 Rfe8 28. Qe3 Re7 29. Qe5+ Kg8 30. Bc4 Rd2 31. Rd3 Rxd3 32. Bxd3 Bf3 33. Qd6 Kf8 34. Bc4 Qc7 35. Qd4 Kg8 36. Re1 Bg4 37. Re3 b6 38. cxb6 axb6 39. Rd3 b5 40. Bb3 c5 41. Qd8+ Qxd8 42. Rxd8+ Kg7 43. Bd5 Bd1 44. Rc8 c4 45. Rb8 Ba4 46. Kf2 h6 47. Ke3 g5 48. hxg5 hxg5 49. fxg5 Kg6 50. Kf4 Bc2 51. Rxb5 Ba4 52. Rc5 Bb3 53. Rc8 Ba2 54. Rg8+ Kh7 55. Rf8 Rg7 56. Rf7 1-0

[Event "EST-ch U16"]
[Site "Tallinn"]
[Date "2016.05.20"]
[Round "3"]
[White "Vaino, Nikita"]
[Black "Garanin, Aleksei"]
[Result "0-1"]
[WhiteElo "1647"]
[BlackElo "2084"]
[PlyCount "76"]
[EventDate "2016.05.19"]
[EventType "swiss"]
[EventRounds "7"]
[EventCountry "EST"]
[SourceTitle "EXT 2018"]
[Source "ChessBase"]
[SourceDate "2017.10.13"]
[SourceVersion "1"]
[SourceVersionDate "2017.10.13"]
[SourceQuality "1"]

1. c4 c5 2. Nc3 Nf6 3. g3 e6 4. e4 d6 5. Bg2 g6 6. d3 Bg7 7. Bg5 Nc6 8. Qd2 h6 9. Bf4 a6 10. h3 Rb8 11. Be3 b5 12. f4 Na5 13. cxb5 axb5 14. e5 Nd7 15. exd6 Ba6 16. Ne4 Rc8 17. Rb1 f5 18. Nc3 b4 19. Na4 Nb7 20. Nf3 Qa5 21. b3 0-0 22. Nh4 Kh7 23. g4 Nxd6 24. g5 hxg5 25. fxg5 Ne5 26. Bf1 Rfd8 27. Qc2 Nb5 28. Be2 Nd4 29. Bxd4 Rxd4 30. Ng2 Nxd3+ 31. Kf1 Nf4 32. Nxf4 Rxf4+ 33. Ke1 Re4 34. Rh2 Qc7 35. Rg2 Bxe2 36. Rxe2 Qg3+ 37. Kf1 Qf3+ 38. Rf2 Qh1# 0-1

[Event "EU Union-ch U14 13th"]
[Site "Mureck"]
[Date "2015.08.11"]
[Round "7"]
[White "Vaino, Nikita"]
[Black "Dolansky, Lukas"]
[Result "1/2-1/2"]
[WhiteElo "1590"]
[BlackElo "1963"]
[PlyCount "99"]
[EventDate "2015.08.05"]
[EventType "swiss"]
[EventRounds "9"]
[EventCountry "AUT"]
[SourceTitle "EXT 2016"]
[Source "ChessBase"]
[SourceDate "2015.10.08"]
[SourceVersion "1"]
[SourceVersionDate "2015.10.08"]
[SourceQuality "1"]

1. c4 e6 2. Nc3 d5 3. cxd5 exd5 4. d3 Nf6 5. g3 c6 6. Bg2 Be7 7. Nf3 0-0 8. 0-0 Be6 9. b3 Qc8 10. Re1 Bh3 11. Bh1 Qg4 12. Qc2 Qh5 13. Bg2 Nbd7 14. e4 dxe4 15. dxe4 Ng4 16. Be3 Bxg2 17. Kxg2 Nde5 18. Qe2 Nxf3 19. Qxf3 Qxh2+ 20. Kf1 Nxe3+ 21. Rxe3 Qh6 22. Kg2 Qf6 23. Qe2 Rad8 24. e5 Qe6 25. f4 Rd4 26. Rd3 Rfd8 27. Rad1 Rxd3 28. Rxd3 Rxd3 29. Qxd3 f6 30. Qe3 b6 31. Qe4 fxe5 32. fxe5 Bd8 33. Kf3 Bc7 34. Kf4 h6 35. Qf5 Qxf5+ 36. Kxf5 Kf7 37. e6+ Ke7 38. g4 g6+ 39. Kxg6 Kxe6 40. Kxh6 Be5 41. Ne2 c5 42. g5 b5 43. g6 c4 44. bxc4 bxc4 45. Kh7 Kd5 46. g7 Bxg7 47. Kxg7 Kc5 48. Kf6 Kb4 49. Ke5 c3 50. Kd4 1/2-1/2

[Event "EU Union-ch U14 13th"]
[Site "Mureck"]
[Date "2015.08.05"]
[Round "1"]
[White "Schneider, Jana"]
[Black "Vaino, Nikita"]
[Result "1-0"]
[WhiteElo "1995"]
[BlackElo "1590"]
[PlyCount "83"]
[EventDate "2015.08.05"]
[EventType "swiss"]
[EventRounds "9"]
[EventCountry "AUT"]
[SourceTitle "EXT 2016"]
[Source "ChessBase"]
[SourceDate "2015.10.08"]
[SourceVersion "1"]
[SourceVersionDate "2015.10.08"]
[SourceQuality "1"]

1. e4 c6 2. Nc3 d5 3. Nf3 e6 4. g3 Nf6 5. Qe2 Bb4 6. e5 Ng8 7. Bg2 Ne7 8. 0-0 0-0 9. d3 Bxc3 10. bxc3 c5 11. Ng5 h6 12. Nh3 Nbc6 13. g4 Qc7 14. f4 b6 15. Bd2 Bb7 16. Rae1 d4 17. c4 Rab8 18. f5 Nb4 19. f6 Ng6 20. g5 Bxg2 21. Qxg2 Nxc2 22. fxg7 Kxg7 23. gxh6+ Kg8 24. Re4 Ne3 25. Bxe3 dxe3 26. Rxe3 Kh8 27. Qg5 Qd8 28. Rf6 Qd4 29. Kh1 Qd7 30. Nf4 Rg8 31. Nxg6+ Rxg6 32. Rxg6 fxg6 33. Qxg6 Rg8 34. Qf6+ Kh7 35. Rg3 Rxg3 36. hxg3 Qb7+ 37. Kh2 Qd7 38. Kh3 Kg8 39. Kh4 Kh7 40. g4 Kg8 41. Kh5 Kh7 42. g5 1-0